Rozpoznaj Kraj po opisie cz.6 - Statystyki

Ogólne statystyki
  • Ten quiz został rozwiązany 83 razy
  • Średni wynik to 7 z 15
Statystyki odpowiedzi
Wskazówka Odpowiedź % Poprawnych
Największy producent wódki na świecie. Rosja
90%
Ten kraj posiada najwięcej wysp na świecie. Szwecja
66%
najbiedniejszy kraj w Europie. Mołdawia
59%
Jest to Europejski kraj, którego 80% populacji jest muzułmanami, leży na Morzu Jońskim oraz Adriatyckim. Albania
57%
Jest to małe Państwo znajdujące się na wyspie Borneo. Brunei
56%
W latach 1977-2011 flaga tego kraju była w 100% zielona. Libia
54%
Jest to największy kraj na świecie bez ani jednej rzeki. Arabia Saudyjska
48%
Największy producent węgla brunatnego na Świecie. Niemcy
38%
Jest to kraj z największą ilością języków. Papua-Nowa Gwinea
38%
Największy producent ropy naftowej w Afryce. Angola
30%
W 2016 roku w tym kraju odnotowano najwyższą temperaturę w historii Azji. Kuwejt
30%
W 2010 i 2021 roku w tym kraju doszło do trzęsień ziemi, w wyniku których zginęło ponad 300k osób. Haiti
28%
Jest to kraj, którego stolica po polsku oznacza Wolne Miasto. Sierra Leone
28%
Stolicą tego kraju jest Maseru. Lesotho
26%
Jest to ostatnie Afrykańskie Państwo, które odzyskało niepodległość w erze kolonializmu. Namibia
15%
Nie znaleziono quizów pasujących do podanych kryteriów
Rozkład punktacji
Procent ludzi z każdym wynikiem
Percentyl według liczby udzielonych odpowiedzi
Twoja historia wyników
Nie rozwiązałeś tego quizu